Catálogo
 En Linea

Grüsse für Marie-Ange : (Registro nro. 17645)

Detalles MARC
000 -CABECERA
campo de control de longitud fija 00572cam a2200193 a 4500
001 - NÚMERO DE CONTROL
campo de control 000018124
005 - FECHA Y HORA DE LA ÚLTIMA TRANSACCIÓN
campo de control 20200929165350.0
008 - DATOS DE LONGITUD FIJA--INFORMACIÓN GENERAL
campo de control de longitud fija 800211s1954 gw 000 1 ger d
040 ## - FUENTE DE LA CATALOGACIÓN
Centro catalogador/agencia de origen DO-SdBNP
Lengua de catalogación ger
Centro/agencia transcriptor LC
Centro/agencia modificador BNPHU
042 ## - CÓDIGO DE AUTENTICACIÓN
Código de autenticación premarc
050 00 - SIGNATURA TOPOGRÁFICA DE LA BIBLIOTECA DEL CONGRESO
Número de clasificación PQ2603.R315
Número de documento/Ítem S55
082 ## - NÚMERO DE LA CLASIFICACIÓN DECIMAL DEWEY
Número de clasificación nn*
Número de documento/Ítem B823g
049 ## - FONDOS LOCALES (OCLC)
Fondos de biblioteca BNGR
100 1# - ENTRADA PRINCIPAL--NOMBRE DE PERSONA
Nombre de persona Brasillach, Robert,
Fechas asociadas al nombre 1909-1945.
9 (RLIN) 39272
245 10 - MENCIÓN DE TÍTULO
Título Grüsse für Marie-Ange :
Resto del título Roman /
Mención de responsabilidad, etc. Robert Brasillach.
260 ## - PUBLICACIÓN, DISTRIBUCIÓN, ETC.
Lugar de publicación, distribución, etc. Munchen :
Nombre del editor, distribuidor, etc. Biederstein Verlag München,
Fecha de publicación, distribución, etc. 1954.
300 ## - DESCRIPCIÓN FÍSICA
Extensión 273 p. ;
Dimensiones 19 cm.
910 ## - DATOS DE OPCIÓN DEL USUARIO (OCLC)
Datos de opción del usuario Catalogación por copia / LC
Existencias
Estado de retiro Estado de pérdida Restricciones de uso No para préstamo Código de colección Localización permanente Ubicación/localización actual Ubicación en estantería Fecha de adquisición Número de inventario Total de préstamos Signatura topográfica completa Código de barras Fecha visto por última vez Precio válido a partir de Tipo de ítem Koha
    Préstamo interno   Monografías: Libros y Folletos General General En catalogación 15.04.2010 LF1   nn* B823g 18124-10 25.06.2020 25.06.2020 Préstamo interno

Con tecnología Koha